| 000 | 00673nam a2200229 a 4500 | ||
|---|---|---|---|
| 001 | 1202 | ||
| 003 | BR-CuiBMT | ||
| 005 | 20231201003629.0 | ||
| 008 | 231113s2022 spba 000 0 por d | ||
| 020 | _a9786580027033 | ||
| 040 |
_aBR-CuiBMT _cBR-CuiBMT |
||
| 080 |
_a349.3 _22007 |
||
| 090 |
_a349.3 _bR335 |
||
| 245 | 0 | 0 |
_aRegimes próprios : _baspectos relevantes / _ccoordenadora: Lucia Helena Vieira. |
| 260 |
_aSão Bernardo do Campo : _bAPEPREM, _c2022. |
||
| 300 |
_a352 p. : _bil. ; _c23 cm |
||
| 504 | _aInclui bibliografia. | ||
| 650 | _aPrevidência social | ||
| 650 | _aPrevidência complementar | ||
| 700 | 1 |
_aVieira, Lucia Helena _4coord. |
|
| 942 |
_2udc _cLV |
||
| 999 |
_c1202 _d1202 |
||